[Event "FICGS rapid E 000168 email"]
[Site "FICGS email"]
[Date "2016.02.05"]
[Round "1"]
[White "Bromo, Alexis"]
[Black "Giandomenico, Pierino"]
[Result "1-0"]
[WhiteElo "1095"]
[BlackElo "817"]
[PlyCount "55"]
[EventDate "2016.??.??"]
[EventType "tourn (rapid)"]
[EventRounds "6"]
[SourceTitle "Corr 2022"]
[Source "ChessBase"]
[SourceDate "2021.10.24"]
[SourceVersion "1"]
[SourceVersionDate "2021.10.24"]
[SourceQuality "1"]

1. d4 d5 2. c4 dxc4 3. Nc3 Nf6 4. h3 Nc6 5. e3 e5 6. Nf3 Be6 7. a3 exd4 8. exd4 Be7 9. Be2 0-0 10. 0-0 Nd5 11. Bxc4 Nb6 12. Bxe6 fxe6 13. Re1 Nd5 14. Nxd5 exd5 15. Bf4 Bf6 16. Rc1 Rc8 17. b4 Qd6 18. Bxd6 cxd6 19. Re6 Rcd8 20. b5 Na5 21. a4 a6 22. bxa6 bxa6 23. Qd3 Nb7 24. Qxa6 Rb8 25. a5 Kf7 26. Rce1 Nd8 27. Qxd6 Be7 28. Rxe7+ 1-0

[Event "FICGS rapid E 000168 email"]
[Site "FICGS email"]
[Date "2016.02.05"]
[Round "1"]
[White "Giandomenico, Pierino"]
[Black "Goldmund, Heike"]
[Result "0-1"]
[WhiteElo "817"]
[BlackElo "1188"]
[PlyCount "50"]
[EventDate "2016.??.??"]
[EventType "tourn (rapid)"]
[EventRounds "6"]
[SourceTitle "Corr 2022"]
[Source "ChessBase"]
[SourceDate "2021.10.24"]
[SourceVersion "1"]
[SourceVersionDate "2021.10.24"]
[SourceQuality "1"]

1. e4 d5 2. exd5 Qxd5 3. c4 Qa5 4. Nc3 Nf6 5. Rb1 Bf5 6. Ra1 e6 7. Nf3 c6 8. Rb1 Bd6 9. Be2 Bxb1 10. Nxb1 Nbd7 11. 0-0 b5 12. cxb5 cxb5 13. Nd4 a6 14. Qb3 0-0 15. Nc6 Qb6 16. Qc3 Rac8 17. Bf3 Ne5 18. Be4 Nxe4 19. Qc2 Qxc6 20. Qxe4 Qxe4 21. Nc3 Qg4 22. d4 Nf3+ 23. Kh1 Nxh2 24. Re1 Qh4 25. Rg1 Nf3# 0-1

[Event "FICGS rapid E 000164 email"]
[Site "FICGS email"]
[Date "2015.12.04"]
[Round "1"]
[White "Bromo, Alexis"]
[Black "Giandomenico, Pierino"]
[Result "1-0"]
[WhiteElo "1109"]
[BlackElo "862"]
[PlyCount "63"]
[EventDate "2015.??.??"]
[EventType "tourn (rapid)"]
[EventRounds "6"]
[SourceTitle "Corr 2022"]
[Source "ChessBase"]
[SourceDate "2021.10.24"]
[SourceVersion "1"]
[SourceVersionDate "2021.10.24"]
[SourceQuality "1"]

1. d4 d5 2. c4 e6 3. a3 Nc6 4. e3 e5 5. Nc3 Nf6 6. h3 Bd6 7. c5 exd4 8. exd4 Be7 9. Qe2 Nxd4 10. Qd1 Bxc5 11. Be3 Qd6 12. Bxd4 b6 13. Qe2+ Be6 14. Rd1 Bxd4 15. Rxd4 0-0 16. Nf3 c5 17. Rd1 d4 18. Ne4 Nxe4 19. Qxe4 Rae8 20. Be2 Bd7 21. Qd3 h6 22. 0-0 a6 23. Qxa6 Bc8 24. Qd3 Qd5 25. b3 Bf5 26. Qb5 Qe6 27. Bc4 Qe5 28. Nxe5 Rxe5 29. Qxb6 Bc8 30. Rfe1 Rfe8 31. Rxe5 Rxe5 32. Qd8+ 1-0

[Event "FICGS rapid E 000164 email"]
[Site "FICGS email"]
[Date "2015.12.04"]
[Round "1"]
[White "Giandomenico, Pierino"]
[Black "Klawitter, Bernd"]
[Result "0-1"]
[WhiteElo "862"]
[BlackElo "1466"]
[PlyCount "78"]
[EventDate "2015.??.??"]
[EventType "tourn (rapid)"]
[EventRounds "6"]
[SourceTitle "Corr 2022"]
[Source "ChessBase"]
[SourceDate "2021.10.24"]
[SourceVersion "1"]
[SourceVersionDate "2021.10.24"]
[SourceQuality "1"]

1. e4 c6 2. d4 d5 3. e5 Bf5 4. Bd3 Bxd3 5. Qxd3 e6 6. Nf3 h6 7. 0-0 Ne7 8. Nc3 Ng6 9. Re1 Be7 10. Be3 0-0 11. Rad1 Nd7 12. a3 a6 13. b4 Rc8 14. a4 Bxb4 15. Bd2 Bxc3 16. Bxc3 c5 17. Rb1 c4 18. Qe3 b5 19. axb5 axb5 20. Rxb5 Rb8 21. Reb1 Rxb5 22. Rxb5 Qc7 23. Rb4 Rb8 24. Rxb8+ Qxb8 25. Bd2 Qb1+ 26. Ne1 Ndf8 27. h3 Ne7 28. g4 Nc6 29. h4 Ng6 30. h5 Nge7 31. Qg3 Nxd4 32. Bc3 Ne2+ 33. Kf1 Nxg3+ 34. Kg2 Ne2 35. Kf1 Nxc3 36. f3 Qb6 37. Kg2 Qe3 38. Kf1 Nd1 39. Ng2 Qf2# 0-1

[Event "FICGS rapid E 000159 email"]
[Site "FICGS email"]
[Date "2015.09.24"]
[Round "1"]
[White "Giandomenico, Pierino"]
[Black "Kehayov, Yulian"]
[Result "0-1"]
[WhiteElo "829"]
[BlackElo "988"]
[PlyCount "88"]
[EventDate "2015.??.??"]
[EventType "tourn (rapid)"]
[EventRounds "6"]
[SourceTitle "Corr 2022"]
[Source "ChessBase"]
[SourceDate "2021.10.24"]
[SourceVersion "1"]
[SourceVersionDate "2021.10.24"]
[SourceQuality "1"]

1. d4 d5 2. e3 a6 3. Nc3 e6 4. Nf3 Nf6 5. Ne5 Nbd7 6. Bd3 Be7 7. 0-0 0-0 8. Bd2 Nxe5 9. dxe5 Nd7 10. e4 d4 11. Ne2 h6 12. Nxd4 Nxe5 13. Bc4 b5 14. Be2 Qxd4 15. c3 Qd7 16. b3 c5 17. c4 b4 18. f4 Nc6 19. Rc1 Bb7 20. f5 exf5 21. exf5 Bf6 22. Be3 Qxd1 23. Rcxd1 Rad8 24. Rde1 Rfe8 25. Bf2 Be7 26. Bg4 Nb8 27. Be3 a5 28. Bh5 Na6 29. Ra1 Bf6 30. Rae1 Bd4 31. Bf2 Bxf2+ 32. Kxf2 Rxe1 33. Rxe1 Rd2+ 34. Be2 Bc6 35. h3 a4 36. g4 axb3 37. axb3 Nc7 38. h4 Ne8 39. Kf1 Nf6 40. g5 hxg5 41. hxg5 Ne4 42. g6 fxg6 43. fxg6 Ng3+ 44. Kf2 Nxe2 0-1

[Event "FICGS rapid E 000159 email"]
[Site "FICGS email"]
[Date "2015.09.24"]
[Round "1"]
[White "Giandomenico, Pierino"]
[Black "Stoyanov, Zdravko"]
[Result "0-1"]
[WhiteElo "829"]
[BlackElo "1137"]
[PlyCount "82"]
[EventDate "2015.??.??"]
[EventType "tourn (rapid)"]
[EventRounds "6"]
[SourceTitle "Corr 2022"]
[Source "ChessBase"]
[SourceDate "2021.10.24"]
[SourceVersion "1"]
[SourceVersionDate "2021.10.24"]
[SourceQuality "1"]

1. d4 d5 2. e3 a6 3. Nc3 e6 4. Nf3 h6 5. a3 Bd6 6. Bd3 Nf6 7. 0-0 c6 8. Re1 0-0 9. Bd2 Re8 10. b4 Qc7 11. a4 e5 12. dxe5 Bxe5 13. e4 Bxc3 14. Bxc3 dxe4 15. Bxe4 Nxe4 16. Re2 Qf4 17. Bd2 Qf5 18. Nd4 Qg6 19. f3 Nd6 20. Qe1 Bh3 21. Rxe8+ Nxe8 22. Qxe8+ Kh7 23. g3 Qf6 24. c3 Bd7 25. Qe4+ Kh8 26. Re1 Bf5 27. Nxf5 Nd7 28. h4 Rd8 29. a5 Qg6 30. Qe7 Qf6 31. Qxf6 Nxf6 32. Re3 Rxd2 33. Re8+ Nxe8 34. c4 Nf6 35. g4 Nd7 36. Ne7 Ne5 37. Nf5 Nxf3+ 38. Kf1 Kh7 39. h5 Ne5 40. Ne3 Rb2 41. c5 Rxb4 0-1

[Event "FICGS rapid E 000154 email"]
[Site "FICGS email"]
[Date "2015.07.05"]
[Round "1"]
[White "Giandomenico, Pierino"]
[Black "Cuaycong, Virgilio"]
[Result "0-1"]
[WhiteElo "869"]
[BlackElo "1423"]
[PlyCount "56"]
[EventDate "2015.??.??"]
[EventType "tourn (rapid)"]
[EventRounds "6"]
[SourceTitle "Corr 2022"]
[Source "ChessBase"]
[SourceDate "2021.10.24"]
[SourceVersion "1"]
[SourceVersionDate "2021.10.24"]
[SourceQuality "1"]

1. d4 f5 2. e3 e6 3. Bc4 d5 4. Bb5+ c6 5. Ba4 Nf6 6. Nf3 Bd6 7. 0-0 0-0 8. Bd2 Ne4 9. c3 Nd7 10. Bb3 a5 11. c4 a4 12. Bc2 Nxd2 13. Qxd2 dxc4 14. Nc3 b5 15. b3 Qa5 16. e4 Bb4 17. d5 axb3 18. a3 Bxc3 19. Qe1 Bxe1 20. Nxe1 fxe4 21. dxe6 Nf6 22. f3 Qc3 23. Rb1 bxc2 24. Rc1 Qe3+ 25. Rf2 Qxc1 26. Kf1 Qxe1+ 27. Kxe1 c1Q+ 28. Ke2 Rxa3 0-1

[Event "FICGS rapid E 000154 email"]
[Site "FICGS email"]
[Date "2015.07.05"]
[Round "1"]
[White "Giandomenico, Pierino"]
[Black "Puzanov, Vasyl"]
[Result "1-0"]
[WhiteElo "869"]
[BlackElo "1215"]
[PlyCount "55"]
[EventDate "2015.??.??"]
[EventType "tourn (rapid)"]
[EventRounds "6"]
[SourceTitle "Corr 2022"]
[Source "ChessBase"]
[SourceDate "2021.10.24"]
[SourceVersion "1"]
[SourceVersionDate "2021.10.24"]
[SourceQuality "1"]

1. d4 d5 2. e3 Nf6 3. Bb5+ c6 4. Ba4 Bg4 5. Ne2 Nbd7 6. 0-0 Bxe2 7. Qxe2 e6 8. Bd2 Bd6 9. Bc3 0-0 10. Qd2 Ne4 11. Qd3 f5 12. Re1 b5 13. Bb3 Nxc3 14. bxc3 Qc7 15. Na3 Bxa3 16. f3 Bd6 17. a4 a6 18. axb5 axb5 19. Rxa8 Rxa8 20. Rb1 Bxh2+ 21. Kf2 Qg3+ 22. Kf1 Nf6 23. c4 bxc4 24. Bxc4 dxc4 25. Qxc4 Nd5 26. Qxc6 Nxe3+ 27. Ke2 Qxg2+ 28. Kd3 1-0

[Event "FICGS rapid E 000154 email"]
[Site "FICGS email"]
[Date "2015.07.05"]
[Round "1"]
[White "Kehayov, Yulian"]
[Black "Giandomenico, Pierino"]
[Result "1-0"]
[WhiteElo "1030"]
[BlackElo "869"]
[PlyCount "51"]
[EventDate "2015.??.??"]
[EventType "tourn (rapid)"]
[EventRounds "6"]
[SourceTitle "Corr 2022"]
[Source "ChessBase"]
[SourceDate "2021.10.24"]
[SourceVersion "1"]
[SourceVersionDate "2021.10.24"]
[SourceQuality "1"]

1. d4 d5 2. Nc3 Bf5 3. e3 Qd7 4. Nf3 Nc6 5. Be2 Nf6 6. 0-0 0-0-0 7. Nh4 Be6 8. e4 dxe4 9. f3 exf3 10. Bxf3 Nxd4 11. Be3 Bc4 12. Rf2 Rg8 13. Rd2 e5 14. Ne4 Bd5 15. Nxf6 gxf6 16. Bxd5 Qxd5 17. Bxd4 exd4 18. c3 Rg4 19. Qxg4+ f5 20. Qxf5+ Qxf5 21. Nxf5 Rd5 22. Rxd4 Rxf5 23. Rf1 Rb5 24. b3 Rc5 25. Rxf7 Rxc3 26. Rxf8# 1-0

[Event "FICGS rapid E 000154 email"]
[Site "FICGS email"]
[Date "2015.07.05"]
[Round "1"]
[White "Leurette, Marc Antoine"]
[Black "Giandomenico, Pierino"]
[Result "1-0"]
[WhiteElo "1152"]
[BlackElo "869"]
[PlyCount "69"]
[EventDate "2015.??.??"]
[EventType "tourn (rapid)"]
[EventRounds "6"]
[SourceTitle "Corr 2022"]
[Source "ChessBase"]
[SourceDate "2021.10.24"]
[SourceVersion "1"]
[SourceVersionDate "2021.10.24"]
[SourceQuality "1"]

1. e4 e5 2. Nf3 d5 3. exd5 Qxd5 4. Nc3 Qe6 5. d3 Bb4 6. Bd2 Nf6 7. a3 Ba5 8. b4 Bb6 9. Ne4 Nxe4 10. dxe4 Nc6 11. c4 0-0 12. c5 Ba5 13. bxa5 Nxa5 14. Bxa5 b6 15. cxb6 axb6 16. Bb4 c5 17. Bc3 Bb7 18. Qd3 Rfd8 19. Qc2 Rd6 20. Bb5 Rad8 21. 0-0 Bc8 22. Bxe5 R6d7 23. Bxd7 Bxd7 24. Rfe1 f6 25. Bc3 Re8 26. e5 b5 27. exf6 gxf6 28. Rxe6 Bxe6 29. Re1 Bd7 30. Rxe8+ Bxe8 31. Bxf6 b4 32. axb4 cxb4 33. Qc4+ Bf7 34. Qc8+ Be8 35. Qxe8# 1-0

[Event "FICGS rapid E 000148 email"]
[Site "FICGS email"]
[Date "2015.02.28"]
[Round "1"]
[White "Stoyanov, Zdravko"]
[Black "Giandomenico, Pierino"]
[Result "1-0"]
[WhiteElo "1161"]
[BlackElo "784"]
[PlyCount "49"]
[EventDate "2015.??.??"]
[EventType "tourn (rapid)"]
[EventRounds "6"]
[SourceTitle "Corr 2022"]
[Source "ChessBase"]
[SourceDate "2021.10.24"]
[SourceVersion "1"]
[SourceVersionDate "2021.10.24"]
[SourceQuality "1"]

1. e4 e5 2. Nf3 Nc6 3. Bb5 Nf6 4. Bxc6 bxc6 5. d3 Bb4+ 6. Bd2 0-0 7. Bxb4 d6 8. Nxe5 c5 9. Nxf7 Rxf7 10. Bc3 Ba6 11. 0-0 c6 12. Re1 Qe8 13. e5 dxe5 14. Rxe5 Qxe5 15. Bxe5 Re8 16. Bxf6 gxf6 17. Nc3 Rfe7 18. Qd2 Bc8 19. Ne4 Re5 20. Nxf6+ Kg7 21. Nxe8+ Rxe8 22. Qg5+ Kh8 23. Qxc5 h6 24. Qh5 Kh7 25. Qxe8 1-0

[Event "FICGS rapid E 000144 email"]
[Site "FICGS email"]
[Date "2015.01.17"]
[Round "1"]
[White "Kehayov, Yulian"]
[Black "Giandomenico, Pierino"]
[Result "1-0"]
[WhiteElo "1017"]
[BlackElo "784"]
[PlyCount "41"]
[EventDate "2015.??.??"]
[EventType "tourn (rapid)"]
[EventRounds "6"]
[SourceTitle "Corr 2022"]
[Source "ChessBase"]
[SourceDate "2021.10.24"]
[SourceVersion "1"]
[SourceVersionDate "2021.10.24"]
[SourceQuality "1"]

1. e4 e5 2. Nf3 d6 3. d4 Bg4 4. Be2 c5 5. dxc5 dxc5 6. Nxe5 Bd6 7. Bxg4 Nf6 8. Nc4 Nxe4 9. 0-0 0-0 10. Bf3 Nf6 11. Qxd6 Nc6 12. Qxc5 Rc8 13. Nc3 b6 14. Qe3 Re8 15. Qd2 b5 16. Ne3 a5 17. Qxd8 Rcxd8 18. Bxc6 Re6 19. Bxb5 Nd7 20. Rd1 Ree8 21. Rxd7 1-0

[Event "FICGS rapid E 000144 email"]
[Site "FICGS email"]
[Date "2015.01.17"]
[Round "1"]
[White "Rajput, Vishalsingh"]
[Black "Giandomenico, Pierino"]
[Result "1-0"]
[WhiteElo "924"]
[BlackElo "784"]
[PlyCount "31"]
[EventDate "2015.??.??"]
[EventType "tourn (rapid)"]
[EventRounds "6"]
[SourceTitle "Corr 2022"]
[Source "ChessBase"]
[SourceDate "2021.10.24"]
[SourceVersion "1"]
[SourceVersionDate "2021.10.24"]
[SourceQuality "1"]

1. e4 e5 2. Nf3 d6 3. Bc4 Be6 4. Bxe6 fxe6 5. 0-0 Nf6 6. Re1 Nxe4 7. Rxe4 d5 8. Rxe5 Qd6 9. d4 Be7 10. Bg5 Nc6 11. Bxe7 Nxe7 12. Nc3 0-0 13. Ng5 c5 14. Rxe6 Qd7 15. Qd3 c4 16. Qxh7# 1-0

[Event "FICGS theme 0001 email"]
[Site "FICGS email"]
[Date "2014.10.12"]
[Round "1"]
[White "Giandomenico, Pierino"]
[Black "Ropokis, Dimitrios"]
[Result "0-1"]
[WhiteElo "784"]
[BlackElo "1616"]
[PlyCount "58"]
[EventDate "2014.??.??"]
[EventType "swiss (corr)"]
[EventRounds "1"]
[SourceTitle "Corr 2022"]
[Source "ChessBase"]
[SourceDate "2021.10.24"]
[SourceVersion "1"]
[SourceVersionDate "2021.10.24"]
[SourceQuality "1"]

1. e4 c5 2. Nf3 a6 3. d4 cxd4 4. Nxd4 e5 5. Nf5 d5 6. Bd3 dxe4 7. Bxe4 Qxd1+ 8. Kxd1 Nf6 9. Bd3 e4 10. Bc4 Bxf5 11. Re1 Nbd7 12. f3 Ne5 13. fxe4 0-0-0+ 14. Ke2 Bg4+ 15. Kf1 Nxc4 16. b3 Ne5 17. h3 Bd1 18. Nd2 Bxc2 19. Ba3 Bxa3 20. Nb1 Bb2 21. Nd2 Rxd2 22. Rac1 Bxc1 23. a4 Bb2 24. b4 Bd3+ 25. Kg1 Bd4+ 26. Kh1 Bxe4 27. b5 Bxg2+ 28. Kh2 Nf3+ 29. Kg3 Nxe1 0-1

[Event "FICGS rapid E 000117 email"]
[Site "FICGS email"]
[Date "2013.10.26"]
[Round "1"]
[White "Marcel, Alexis"]
[Black "Giandomenico, Pierino"]
[Result "1-0"]
[WhiteElo "1138"]
[BlackElo "840"]
[PlyCount "41"]
[EventDate "2013.??.??"]
[EventType "tourn (rapid)"]
[EventRounds "6"]
[SourceTitle "Corr 2022"]
[Source "ChessBase"]
[SourceDate "2021.10.24"]
[SourceVersion "1"]
[SourceVersionDate "2021.10.24"]
[SourceQuality "1"]

1. f4 e6 2. Nf3 Qh4+ 3. g3 Qf6 4. Bg2 Bd6 5. e4 Ne7 6. e5 Qg6 7. exd6 cxd6 8. 0-0 0-0 9. d3 Nf5 10. Qe1 e5 11. fxe5 dxe5 12. Nxe5 Qe6 13. Nc3 d6 14. Nf3 Nc6 15. Bf4 Qd5 16. Nxd5 Be6 17. Ne3 Nb4 18. Qxb4 b6 19. Nxf5 Bxf5 20. Bxd6 Rad8 21. Bxf8 1-0

[Event "FICGS rapid E 000110 email"]
[Site "FICGS email"]
[Date "2013.08.17"]
[Round "1"]
[White "Giandomenico, Pierino"]
[Black "Bromo, Alexis"]
[Result "0-1"]
[WhiteElo "832"]
[BlackElo "1085"]
[PlyCount "50"]
[EventDate "2013.??.??"]
[EventType "tourn (rapid)"]
[EventRounds "6"]
[SourceTitle "Corr 2022"]
[Source "ChessBase"]
[SourceDate "2021.10.24"]
[SourceVersion "1"]
[SourceVersionDate "2021.10.24"]
[SourceQuality "1"]

1. c4 e5 2. d4 exd4 3. Qxd4 Nc6 4. Nf3 Nxd4 5. Nxd4 Nf6 6. e3 Bc5 7. Be2 0-0 8. 0-0 Re8 9. Re1 Ne4 10. Nf3 d5 11. cxd5 Qxd5 12. Nc3 Nxc3 13. bxc3 a6 14. a3 Bg4 15. Bd2 Bxf3 16. Bxf3 Qxd2 17. Bxb7 Rab8 18. Rad1 Qxc3 19. Bc6 Red8 20. a4 Bxe3 21. h3 Bxf2+ 22. Kh2 Bxe1 23. Rxe1 Qxe1 24. g4 Qf2+ 25. Kh1 Rd1# 0-1

[Event "FICGS rapid E 000106 email"]
[Site "FICGS email"]
[Date "2013.06.13"]
[Round "1"]
[White "Cavaille, Cedric"]
[Black "Giandomenico, Pierino"]
[Result "1-0"]
[WhiteElo "982"]
[BlackElo "882"]
[PlyCount "39"]
[EventDate "2013.??.??"]
[EventType "tourn (rapid)"]
[EventRounds "6"]
[SourceTitle "Corr 2022"]
[Source "ChessBase"]
[SourceDate "2021.10.24"]
[SourceVersion "1"]
[SourceVersionDate "2021.10.24"]
[SourceQuality "1"]

1. d4 d5 2. Nc3 c6 3. Nf3 Nf6 4. Bg5 Nh5 5. Qd2 Be6 6. 0-0-0 Qa5 7. Kb1 Bf5 8. h3 e6 9. g4 Be7 10. gxf5 exf5 11. Bxe7 Kxe7 12. Qg5+ f6 13. Qxh5 g6 14. Qh4 g5 15. Qg3 f4 16. Qg4 h5 17. Qf5 g4 18. Ne5 fxe5 19. Qxe5+ Kd7 20. Qxh8 1-0

[Event "FICGS rapid E 000094 email"]
[Site "FICGS email"]
[Date "2013.01.21"]
[Round "1"]
[White "Belaz, Egidio"]
[Black "Giandomenico, Pierino"]
[Result "1-0"]
[WhiteElo "1224"]
[BlackElo "901"]
[PlyCount "21"]
[EventDate "2013.??.??"]
[EventType "tourn (rapid)"]
[EventRounds "6"]
[SourceTitle "Corr 2022"]
[Source "ChessBase"]
[SourceDate "2021.10.24"]
[SourceVersion "1"]
[SourceVersionDate "2021.10.24"]
[SourceQuality "1"]

1. e4 e5 2. Bc4 Nf6 3. Nc3 Bd6 4. Qe2 0-0 5. Nf3 Qe7 6. Nb5 Nxe4 7. Qxe4 c6 8. Nc3 b5 9. Bd3 a6 10. a3 a5 11. Qxh7# 1-0

[Event "FICGS rapid E 000094 email"]
[Site "FICGS email"]
[Date "2013.01.21"]
[Round "1"]
[White "Giandomenico, Pierino"]
[Black "Bromo, Alexis"]
[Result "0-1"]
[WhiteElo "901"]
[BlackElo "1182"]
[PlyCount "36"]
[EventDate "2013.??.??"]
[EventType "tourn (rapid)"]
[EventRounds "6"]
[SourceTitle "Corr 2022"]
[Source "ChessBase"]
[SourceDate "2021.10.24"]
[SourceVersion "1"]
[SourceVersionDate "2021.10.24"]
[SourceQuality "1"]

1. d4 d5 2. e3 Nf6 3. Be2 Nc6 4. Nf3 Bf5 5. 0-0 e6 6. Nc3 Bb4 7. Bd2 h6 8. a3 Ba5 9. b4 Bb6 10. Na4 0-0 11. Nxb6 cxb6 12. b5 Ne7 13. a4 Rc8 14. Rc1 Be4 15. c3 Qd6 16. Ra1 Ng4 17. a5 Bxf3 18. Bxf3 Qxh2# 0-1

[Event "FICGS rapid E 000092 email"]
[Site "FICGS email"]
[Date "2012.12.09"]
[Round "1"]
[White "Cavaille, Cedric"]
[Black "Giandomenico, Pierino"]
[Result "1-0"]
[WhiteElo "1010"]
[BlackElo "968"]
[PlyCount "49"]
[EventDate "2012.??.??"]
[EventType "tourn (rapid)"]
[EventRounds "6"]
[SourceTitle "Corr 2022"]
[Source "ChessBase"]
[SourceDate "2021.10.24"]
[SourceVersion "1"]
[SourceVersionDate "2021.10.24"]
[SourceQuality "1"]

1. d4 d5 2. Nc3 Nf6 3. Bg5 Qd6 4. Bxf6 exf6 5. Nf3 Be7 6. e4 dxe4 7. Nxe4 Qb4+ 8. c3 Qb6 9. b4 Qe6 10. Bd3 0-0 11. b5 Bd7 12. a4 a6 13. 0-0 axb5 14. axb5 Rxa1 15. Qxa1 Bxb5 16. Bxb5 Qxe4 17. Qe1 Qd5 18. Qxe7 Qxb5 19. Qxc7 g5 20. d5 Qe8 21. Qxb7 Qb5 22. Qxb5 Rc8 23. Re1 f5 24. Re8+ Rxe8 25. Qxe8+ 1-0

[Event "FICGS unrated 00002 email"]
[Site "FICGS email"]
[Date "2012.04.16"]
[Round "1"]
[White "Giandomenico, Pierino"]
[Black "Carrizo, Jose Luis"]
[Result "0-1"]
[WhiteElo "896"]
[BlackElo "2043"]
[PlyCount "46"]
[EventDate "2012.??.??"]
[EventType "swiss (corr)"]
[EventRounds "1"]
[SourceTitle "Corr 2022"]
[Source "ChessBase"]
[SourceDate "2021.10.24"]
[SourceVersion "1"]
[SourceVersionDate "2021.10.24"]
[SourceQuality "1"]

1. e4 e5 2. Be2 Nf6 3. d3 d5 4. exd5 Nxd5 5. Nf3 Nc6 6. 0-0 Be7 7. Nc3 0-0 8. Be3 Nxe3 9. fxe3 a6 10. d4 exd4 11. exd4 Bf6 12. d5 Ne5 13. a4 Re8 14. Qd4 Nxf3+ 15. Bxf3 Bxd4+ 16. Kh1 Bf5 17. a5 Bxc2 18. Rfc1 Bd3 19. Rd1 Re3 20. Bh5 Qh4 21. g3 Qe4+ 22. Nxe4 Bxe4+ 23. Kg1 Re1# 0-1

[Event "FICGS rapid E 000077 email"]
[Site "FICGS email"]
[Date "2012.03.13"]
[Round "1"]
[White "Neil, Charles"]
[Black "Giandomenico, Pierino"]
[Result "1-0"]
[WhiteElo "1225"]
[BlackElo "896"]
[PlyCount "53"]
[EventDate "2012.??.??"]
[EventType "tourn (rapid)"]
[EventRounds "6"]
[SourceTitle "Corr 2022"]
[Source "ChessBase"]
[SourceDate "2021.10.24"]
[SourceVersion "1"]
[SourceVersionDate "2021.10.24"]
[SourceQuality "1"]

1. d4 d5 2. c4 dxc4 3. Nc3 Be6 4. e4 Nc6 5. d5 Qd6 6. dxe6 Qxe6 7. Nd5 Qxe4+ 8. Ne3 Rd8 9. Qa4 Rd1+ 10. Qxd1 b5 11. Nf3 Nf6 12. Be2 e6 13. 0-0 Bc5 14. Bd2 Ng4 15. Nxg4 Qxg4 16. Bc3 0-0 17. Ne5 Nxe5 18. Bxe5 Qh4 19. Bg3 Qg4 20. Bxg4 a5 21. Bxc7 g6 22. Bxa5 Ra8 23. Bc3 b4 24. Bf6 h6 25. Qd7 h5 26. Bf3 Rb8 27. Rfd1 1-0